Quizzes
Events
Quiz Creation
Community
Videos
Private Events
Remove Ads
Sign In
Join for FREE
Feedback
Dark Mode
Quiz Categories
Sports
Geography
Music
Movies
Television
Just For Fun
Miscellaneous
History
Literature
Language
Science
Gaming
Entertainment
Religion
Holiday
For Kids
Quiz Lab
Recent
Popular Today
Quiz Kudos Today
Editor Picks
Curator Picks
Quizzes by...
Day
Popularity
Type
Ratings
Length
Year
Community
Subscriptions
Recent Discussions
Orange Saloon
Badges
Playlists
Quests
Create
Leaderboards
Showdown
Live 5
Trivia Bingo
Activity
Puzzle Library
Sporcle Events
Private Events
Virtual Trivia
Globe League
Become a Host
Pub Owners
SporcleCon
Opinionation
Our Games
Videos
Blog
Mobile Apps
Partnerships
Remove Ads and Go Orange
Feedback
Sports
Athletes
MLB
NBA
NHL
NFL
Soccer
Sports Teams
WWE
NCAA
Football
Premier League
Basketball
Baseball
Hockey
Golf
Tennis
Cricket
Rugby
Auto Racing
Olympics
World Cup
Sports
Athletes
MLB
NBA
NHL
NFL
Soccer
Sports Teams
WWE
NCAA
Football
Premier League
Basketball
Baseball
Hockey
Golf
Tennis
Cricket
Rugby
Auto Racing
Olympics
World Cup
Random Quiz
Search Sporcle
×
Quiz Lab
Quiz Lab
Sports
Winning
Type in answers that appear in a list
Type in answers that appear in a list
Classic
Best Score? Go Orange.
Highest NASCAR Winning Percentage Stats
Can you name the Drivers with the All-Time Highest Winning Percentages in NASCAR?
By
thehotstepper
9m
100 Questions
226 Plays
226 Plays
226 Plays
Comments
Comments
Give Quiz Kudos
Give Quiz Kudos
-
- Ratings
hide this ad
More Info
Replay
Link that replays current quiz
Next Quiz
Link to next quiz in quiz playlist
You Got
0%
They Got
Avg Score
31%
Avg Friend Score
Upgrade to see
Score Distribution
Jump to the score distribution portion of the page
Score
0/100
Timer
09:00
0
Plays Today
Rank
Driver
% Correct
12
Richard Petty
90.7%
24
Jeff Gordon
87.2%
23
Lee Petty
83.2%
31
Dale Earnhardt
82.3%
18
Jimmie Johnson
81.9%
98
Dale Earnhardt Jr.
79.6%
17
Junior Johnson
77.9%
50
Kyle Busch
77.4%
78
Kurt Busch
74.3%
10
David Pearson
72.1%
39
Darrell Waltrip
70.4%
43
Tony Stewart
70.4%
29
Bobby Allison
66.8%
42
Davey Allison
66.4%
20
Ned Jarrett
62.4%
92
Mark Martin
62.4%
97
Donnie Allison
62.4%
90
Dale Jarrett
61.9%
53
Rusty Wallace
61.5%
80
Bill Elliott
60.6%
83
Matt Kenseth
60.6%
19
Cale Yarborough
59.7%
94
Kevin Harvick
58%
88
Denny Hamlin
55.3%
68
Carl Edwards
54.9%
58
Mario Andretti
51.8%
100
Ryan Newman
51.8%
8
Tim Flock
51.3%
79
A.J. Foyt
50%
87
Greg Biffle
48.7%
16
Fireball Roberts
48.2%
57
Brad Keselowski
48.2%
26
Fonty Flock
46.9%
7
Herb Thomas
46%
Rank
Driver
% Correct
32
Bob Flock
46%
96
Kasey Kahne
46%
56
Buck Baker
42.9%
22
Red Byron
41.6%
61
Tim Richmond
37.6%
99
Benny Parsons
36.3%
51
Jack Smith
35.8%
36
Joe Weatherly
32.3%
27
Rex White
31%
89
Ernie Irvan
31%
15
Fred Lorenzen
29.6%
28
Bobby Isaac
29.6%
49
Jack White
29.6%
60
LeeRoy Yarbrough
29.2%
85
Neil Bonnett
27%
70
Pete Hamilton
25.2%
44
Curtis Turner
23%
30
Parnelli Jones
20.8%
40
Speedy Thompson
18.6%
52
Marvin Panch
18.6%
72
Jim Paschal
18.1%
93
Tommy Thompson
18.1%
4
Dan Gurney
16.4%
77
Cotton Owens
15.5%
65
Glen Wood
14.6%
2
Jim Roper
13.3%
21
Dick Hutcherson
13.3%
59
Paul Goldsmith
12.8%
14
Mark Donohue
11.9%
48
Johnny Mantz
11.1%
41
Dick Rathman
9.7%
86
Bob Welborn
8.8%
5
Marshall Teague
8%
91
Hershel McGriff
8%
Rank
Driver
% Correct
76
Billy Wade
7.5%
47
Johnny Beauchamp
7.1%
64
Jim Reed
6.6%
34
Harold Kite
6.2%
38
Ralph Moody
6.2%
1
Marvin Burke
5.8%
37
Dick Linder
5.8%
46
Nelson Stacy
5.8%
62
Al Keller
5.8%
84
Dick Passwater
5.8%
6
Bill Norton
5.3%
54
Lloyd Dane
5.3%
67
Ray Elder
5.3%
75
Frank Mundy
5.3%
11
Eddie Gray
4.9%
63
Bob Burdick
4.9%
9
Norm Nelson
4.4%
81
Neil Cole
4.4%
3
Chuck Stevenson
4%
66
Eddie Pagan
4%
73
Danny Weinberg
4%
13
John Rostek
3.5%
45
John Soares
3.5%
55
Danny Letner
3.5%
71
Lou Figaro
3.5%
25
Leon Sales
3.1%
74
Marvin Porter
3.1%
82
Art Watts
3.1%
95
Gwyn Staley
3.1%
33
Danny Graves
2.7%
35
Royce Haggerty
2.7%
69
John Kieper
2.7%
Quiz Playlist
Details
Report
Send in Message
Add To Playlist
More Info:
Data compiled from 1949 through the end of the 2012 season.
Classic:
Type in answers that appear in a list
Quiz Source
Last Updated: Feb 16, 2017
Quiz Scoreboard
CHALLENGE
Sign Up to Join the Scoreboard
Show All
Scores
Hide
Comments
May contain spoilers
Recently Published
9x9 Crossword: Cartoon Network
by jackfrog10
Miscellaneous
3m
College Basketball Coaching Resumes
by pancakes188
Sports
9m
Billboard Blitz: Fleetwood Mac
by CooCooCachoo
Music
15s
More to Explore
Quiz From the Vault
Featured Blog Post
Where Did the Easter Bunny Come From?
hide this ad
You Might Also Like...
Tags
NASCAR
Nascar Driver
Percentage
Percentage Leaders
Racing
Stats Leaders
Winning
Today's Top Quizzes in Sports
Browse Sports
hide this ad
Today's Top Quizzes in Winning
Browse Winning
Top Contributed Quizzes in Sports
1
2022 World Cup Stars
2
Les meilleurs buteurs des matchs entre le PSG et l’OM
3
FIFA Club World Cup Champions
4
Les entraîneurs de l'OM et du PSG au 21e siècle
5
Criteria MLB: Left Handed Sluggers
6
AFC Teams Reveal (Wrong Answers Minefield)
7
2023 MLB Unique Player Accomplishments
8
5-to-1: FBS Animal Nicknames
9
Players with Multiple 50 Home Run Seasons
10
5-to-1: UK Sports Teams
Explore More
Trending Topics
Crossword
Disney
NBA
Marvel
Anime
Kpop
Harry Potter
Country
Pokémon
WWE
The Office
Song
Soccer
Puzzle
NFL
hide this ad
More By:
thehotstepper
Quiz
Plays
Rating
Category
Featured
Created
Stuttering #1 Hits
65,594
3.27
Music
Nov 15, 2009
'Walking in Memphis' Lyrics
2,677
5.00
Music
Dec 14, 2011
#1 Hit Trivia
1,650
4.44
Music
Dec 13, 2010
The Beach Boys (Members)
716
4.67
Music
Mar 27, 2010
NASCAR Nationwide Series Champions (1984-2012
619
3.50
Sports
Sep 27, 2009
Go to Creator's Profile
Score Distribution
Quiz Creator Spotlight
thehotstepper
Follow
Send a Message
Quizzes Created
-
Created Quiz Play Count
-
More By This Creator
Popular Quizzes Today
1
Find the US States - No Outlines Minefield
2
Find the Countries of Europe - No Outlines Minefield
3
The Countries of the World
4
Find the US States
5
Risky Map Clicking: Biggest States A-Z
6
US States
7
Popular People in 1961
8
Movies - When Are They Set?
More Sports Quizzes
All about... Benfica
Quiz Lab
Trending Quizzes
Risky Map Clicking: Least Populous States A-Z
1-10 Letter G Words
1-10 Letter F Words
Risky Map Clicking: Next State Alphabetically
Adjectives in 80s TV Shows
Recently Updated
Leaping Animals
pecheneg
Reality TV Shows (A-Z)
bhenderson79
Rickey Henderson's Hall of Fame Teammates
pecheneg
Champions League XIs: Arsenal
pecheneg
Quick Pick: Celebrities in WWE's Hall of Fame
aduchscher
A-Z Keypad Blitz II
pecheneg
Multiple Oscar Actors
pecheneg
Mystery Phrase Blitz: Oscar 'Best Actors'
pecheneg
F. Scott Fitzgerald Novels
LTH
Pick 3 Villains
ddd62291
Trending Topics
Anime
Disney
Kpop
NBA
Crossword
Marvel
Harry Potter
Soccer
Country
The Office
Pokémon
Puzzle
WWE
Song
NFL
Your Account Isn't Verified!
In order to create a playlist on Sporcle, you need to verify the email address you used during registration. Go to your
Sporcle Settings
to finish the process.
Report this User
Report this user for behavior that violates our
Community Guidelines
.
Details:
Send Report
Go to the Sporcle.com Mobile Site →
Comments